Le sistemazioni dei bacini montani / (Record no. 57182)

MARC details
000 -LEADER
campo de control de longitud fija 00590nam a2200181 i 4500
001 - NÚMERO DE CONTROL
campo de control 57182
003 - IDENTIFICADOR DE NÚMERO DE CONTROL
campo de control ES-MaACL
005 - FECHA Y HORA DE LA ÚLTIMA TRANSACCIÓN
campo de control 20230906163529.0
007 - CAMPO FIJO DE DESCRIPCIÓN FÍSICA--INFORMACIÓN GENERAL
campo de control de longitud fija t|
008 - DATOS DE LONGITUD FIJA--INFORMACIÓN GENERAL
campo de control de longitud fija 031015s1940 it ||||1| ita d
100 1# - ENTRADA PRINCIPAL--NOMBRE DE PERSONA
Nombre de persona Tella, Giuseppe di.
9 (RLIN) 109614
245 13 - MENCIÓN DEL TÍTULO
Título Le sistemazioni dei bacini montani /
Mención de responsabilidad, etc. Giuseppe di Tella e Francesco Bay.
260 ## - PUBLICACIÓN, DISTRIBUCIÓN, ETC.
Lugar de publicación, distribución, etc. Bologna :
Nombre del editor, distribuidor, etc. Edizioni Agricole,
Fecha de publicación, distribución, etc. [1940] (
Lugar de fabricación/manufactura Firenze :
Fabricante Tip. Barbera)
300 ## - DESCRIPCIÓN FÍSICA
Extensión 279 p. :
Otras características físicas il. ;
Dimensiones 24 cm.
500 ## - NOTA GENERAL
Nota general En la cub.: Le correzioni dei Torrenti.
700 1# - ENTRADA AGREGADA--NOMBRE PERSONAL
Nombre de persona Bay, Francesco.
9 (RLIN) 26646
852 ## - LOCALIZACIÓN
Ubicación ES-MaACL
Número de control de estantería C-3905
Sublocalización o colección R.23591
Holdings
Estatus retirado Estado de pérdida Estado de daño No para préstamo Biblioteca de origen Biblioteca actual Ubicación en estantería Fecha de adquisición Fuente de adquisición Total de préstamos Signatura topográfica completa Código de barras Visto por última vez Precio de reemplazo Tipo de ítem Koha
        Biblioteca del Ateneo de Madrid Biblioteca del Ateneo de Madrid Sala Palomar 17/01/2008     C-3905 1060039 23/02/2023 23/02/2023 Libro impreso